000 00408nam a2200109Ia 4500
008 160909s9999 xx 000 0 und d
100 _aJavier-Watson, Jason
245 _a"Don't lose you": Interrogating whiteness and deficit at a no excuses charter school
260 _bUniversity of Pennsylvania.
_c2016
650 _aMARKETING MANAGEMENT
856 _uhttp://pqdtopen.proquest.com/doc/1802540482.html?FMT=ABS
999 _c304857
_d304857